00437nam a2200169 a 4500001001300000003000900013005001700022008004100039020000800080082001400088100001800102245004700120260004700167300000800214500003500222505001000257nice12345678IN_TiNIC20260116012357.0050524s1956 mada grp 000 0 eng  ac000a291bAPP1 aAppasamy, A J aChristian Theological Approach to Hinduism aMadrasbChristian Literature Societyc1956 a74p aincludes index and biblioraphy2 aindex